| 000 | 00659nac a22001811u 4500 | ||
|---|---|---|---|
| 020 | _a8125911812 | ||
| 082 |
_a624.17713 _bBHA |
||
| 090 |
_c9830 _d9830 |
||
| 100 | _a20080729 | ||
| 245 |
_aStructural optimisation using sequential linear programming/ _cS. S. Bhavikatti |
||
| 260 |
_aNew Delhi: _bVikas publishing house,2003 _c2003 |
||
| 300 |
_a126p.: _bill; _c23 cm. |
||
| 500 | _adistributer: Al-Ahram | ||
| 511 | _acatalogued by: wessam | ||
| 650 | _aStructural optimization | ||
| 942 |
_cBB _k624.17713BHA |
||
| 999 |
_c9830 _d9830 |
||